भारत का इतिहासः (Record no. 36809)
[ view plain ]
| 000 -LEADER | |
|---|---|
| fixed length control field | 01371nam a22002777a 4500 |
| 005 - DATE AND TIME OF LATEST TRANSACTION | |
| control field | 20100706111722.0 |
| 008 - FIXED-LENGTH DATA ELEMENTS--GENERAL INFORMATION | |
| fixed length control field | 100706t xxu||||| |||| 00| 0 hin d |
| 010 ## - LCCN (DPL NO) | |
| LC control number | HIN-89609 |
| 020 ## - INTERNATIONAL STANDARD BOOK NUMBER | |
| Terms of availability | 890.00 |
| International Standard Book Number | 8178356570 |
| 035 ## - SYSTEM CONTROL NUMBER | |
| System control number | HN-61955 |
| 037 ## - SOURCE OF ACQUISITION | |
| Source of stock number/acquisition | DBAD / PUB |
| 040 ## - CATALOGING SOURCE | |
| Original cataloging agency | DPL |
| Language of cataloging | HN |
| 082 ## - DEWEY DECIMAL CLASSIFICATION NUMBER | |
| Classification number | 954 |
| 100 ## - MAIN ENTRY--PERSONAL NAME | |
| Personal name | रेड्डी, किट्टु |
| 9 (RLIN) | 20851 |
| 245 ## - TITLE STATEMENT | |
| Title | भारत का इतिहासः |
| Statement of responsibility, etc | किट्टु रेड्डी; |
| Remainder of title | (एक नवीन दृष्टिकोण) / |
| 246 ## - VARYING FORM OF TITLE | |
| Title proper/short title | Bharat ka itihas: |
| Remainder of title | by Kittu Reddi |
| 260 ## - PUBLICATION, DISTRIBUTION, ETC. (IMPRINT) | |
| Place of publication, distribution, etc | दिल्ली |
| Name of publisher, distributor, etc | कल्पज़ पब्लिकेशन्स |
| Date of publication, distribution, etc | 2008 |
| 270 ## - ADDRESS | |
| Address | सी-30, सत्यवती नगर |
| City | दिल्ली |
| Postal code | 110052 |
| Electronic mail address | kalpaz@hotmail.com |
| 300 ## - PHYSICAL DESCRIPTION | |
| Extent | 146पृ |
| Dimensions | 22सेमी (सजिल्द) |
| 500 ## - GENERAL NOTE | |
| General note | गजेन्द्र पाराशर द्वारा मूल अंग्रेजी से हिन्दी में अनुदित |
| 650 ## - SUBJECT ADDED ENTRY--TOPICAL TERM | |
| Topical term or geographic name as entry element | भारत |
| General subdivision | इतिहास |
| 9 (RLIN) | 20852 |
| 650 ## - SUBJECT ADDED ENTRY--TOPICAL TERM | |
| Topical term or geographic name as entry element | india |
| General subdivision | History |
| 9 (RLIN) | 20853 |
| 700 ## - ADDED ENTRY--PERSONAL NAME | |
| Personal name | पाराशर, गजेन्द्र |
| 9 (RLIN) | 20854 |
| 942 ## - ADDED ENTRY ELEMENTS (KOHA) | |
| Source of classification or shelving scheme | Dewey Decimal Classification |
| Item type | Hindi Books |
| Call number suffix | रेड्डीकि |
| Withdrawn status | Lost status | Source of classification or shelving scheme | Damaged status | Not for loan | Collection code | Home library | Current library | Date acquired | Source of acquisition | Cost, normal purchase price | Total Checkouts | Full call number | Barcode | Date last seen | Copy number | Cost, replacement price | Koha item type |
|---|---|---|---|---|---|---|---|---|---|---|---|---|---|---|---|---|---|
| Dewey Decimal Classification | Not For Loan | Non-fiction | D.B.Act.Division | D.B.Act.Division | 06/07/2010 | DBAD / PUB | 890.00 | रेड्डीकि | HN-61955 | 06/07/2010 | 1 | 890.00 | Hindi Books |
